| 000 | 00656nam a2200217Ia 4500 | ||
|---|---|---|---|
| 001 | 4096 | ||
| 008 | 220502s1950 ii g b000 u hin u | ||
| 020 | _a978-81-2671497-1 | ||
| 082 | _a891.43109 | ||
| 100 | _aDewedi, Hajari Prasad . | ||
| 245 | 0 |
_aKabir / _cHajari Prasad Dewedi. _hTextual Documents |
|
| 250 | _a1st ed. / | ||
| 260 |
_aBombay : _bHindi Grantha Ratnakar karyalay , _c1950. _aDelhi _bRajkamal prakashan |
||
| 300 |
_a670p. ; _c18cm. |
||
| 440 |
_aHindi Grantha Ratnakar Series, _v113 |
||
| 490 |
_aHindi Grantha Ratnakar Series, _v113 |
||
| 653 | _aHindi poery-Criticism | ||
| 653 | _aMS-Hindi | ||
| 653 | _aGen-Hindi | ||
| 942 |
_2ddc _cBK |
||
| 999 |
_c4084 _d4084 |
||